Statistics for NBA Rookie of the Year by Team

Click here to take the quiz!

General Stats

  • This quiz has been taken 317 times
    (24 since last reset)
  • The average score is 18 of 28

Answer Stats

TeamPlayers% Correct
CavaliersLeBron James | Kyrie Irving
100%
BullsMichael Jordan | Elton Brand | Derrick Rose
100%
76ersAllen Iverson | Michael Carter-Williams | Ben Simmons
95%
GrizzliesPau Gasol | Ja Morant
95%
ClippersBob McAdoo | Ernie DiGregorio | Adrian Dantley | Terry Cummings | Blake Griffin
89%
SpursDavid Robinson | Tim Duncan | Victor Wembanyama
89%
MagicShaquille O'Neal | Mike Miller | Paolo Banchero
89%
CelticsTom Heinsohn | Dave Cowens | Larry Bird
89%
BucksKareem Abdul-Jabbar | Malcolm Brogdon
84%
SuperSonics / ThunderKevin Durant
84%
RaptorsDamon Stoudamire | Vince Carter | Scottie Barnes
79%
MavericksJason Kidd | Luka Dončić
79%
HornetsLarry Johnson | Emeka Okafor | LaMelo Ball
79%
KnicksWillis Reed | Patrick Ewing | Mark Jackson
79%
Trail BlazersGeoff Petrie | Sidney Wicks | Brandon Roy | Damian Lillard
74%
WarriorsWoody Sauldsberry | Wilt Chamberlain | Rick Barry | Jamaal Wilkes | Mitch Richmond | Chris Webber
68%
TimberwolvesAndrew Wiggins | Karl-Anthony Towns
53%
KingsMaurice Stokes | Oscar Robertson | Jerry Lucas | Phil Ford | Tyreke Evans
53%
SunsAlvan Adams | Walter Davis | Amar'e Stoudemire
47%
WizardsWalt Bellamy | Terry Dischinger | Earl Monroe | Wes Unseld
47%
PelicansChris Paul
42%
LakersElgin Baylor
42%
HawksBob Pettit
37%
NetsBuck Williams | Derrick Coleman
26%
RocketsRalph Sampson | Steve Francis
26%
PistonsMonk Meineke | Dave Bing | Grant Hill
16%
PacersChuck Person
0%
JazzDarrell Griffith
0%

Score Distribution

Percentile by Number Answered

Percent of People with Each Score

Your Score History

You have not taken this quiz since the last reset